000
00350pam a2200157a 44500
008
230515b1997 xxu||||| |||| 00| 0 eng d
020
_a
NULL
041
_a
ENGL
082
_a
660 REN
100
_a
RENT J.A.
245
_a
HANDBOOK OF INDUSTRIAL CHEMISTRY
250
_a
N.D.
260
_a
NULL
_b
C.B.S
_c
1997
300
_a
286 PB
650
_a
NULL
999
_c
631841
_d
631841